random character from either gravity falls, amphibia, or owl house - Statistics

General Stats
  • This quiz has been taken 83 times
  • The average score is 10 of 12
Answer Stats
description character % Correct
A dorito who lived in the second dimension. He wanted to show his parents the stars, but accidentally destroyed it instead. Bill Cipher
90%
Boy-crazy and loves sweaters. Has a pet pig named Waddles. She went to her grunkle's place with her twin brother over the summer. Mabel Pines
88%
The author of the journals, tricked by an inter-dimensional being, would also help stop the said inter-dimensional being. Stanford Pines
87%
A brilliant scientist, but went through a tragic event. Erased his memory and became a hillbilly who lived in the junkyard. Fiddleford Hadron McGucket
85%
A grimwalker! Worked for the evil emperor but later finds out he's evil. Also a member of the Hexsquad. Hunter
85%
Sister of the Owl Lady, used to work for the Emperor's Coven, but left after finding out his true plans. Lilith Clawthorne
85%
Used to be in the abomination track, switched to plant. Absolutely loves plants. Also great friends of the main protagonist of her show. Willow Park
84%
The door. He is actually the house, but resides at the door. People don't consider him as one of the main protagonists, but he actually is. Hooty
81%
An absolute badass who starts out as a manipulative friend, but later turns to a more, uh, better person(her season two version was the best imo). Sasha Waybright
81%
A shape-shifting basilisk who ran off and would pretend to be the main protagonist of the show she is in, would become besties with her later on. Vee
73%
Captain of the Frog Valley Tower, finds a silly human who just happens to be the first person on this quiz, runs off after many events, now lives peacefully(probably). Captain Grime
64%
Big newt who ruled the continent of Amphibia. Started out as a silly fun guy, later shown to be a member of a goddamn cult. Andrias Leviathan
58%
No matching quizzes found
Score Distribution
Percent of People with Each Score
Percentile by Number Answered
Your Score History
You have not taken this quiz